| 000 | 00921nam a2200241Ia 4500 | ||
|---|---|---|---|
| 005 | 20170705102648.0 | ||
| 010 | _aBAC-EN21 ENG-111807 | ||
| 020 |
_a9789332519930 _c275.00 |
||
| 035 | _aEN-95339 | ||
| 035 | _aB-590033-062 | ||
| 035 | _aB-668077 | ||
| 037 |
_bTechniz/Ven _adpl |
||
| 037 | _bDBAD/PUB | ||
| 082 | _a346.07 | ||
| 100 | _aSheth, Tejpal | ||
| 245 |
_aBusiness law for University of Delhi as per the new syllabus of B.Com. / _cby Tejpal Sheth |
||
| 260 |
_c2014 _aNew Delhi _bPearson |
||
| 270 |
_a11 Community Centre,Panchsheel Park _bNew Delhi _e110017 |
||
| 300 |
_c24cm(pbk) _axiii,357p. |
||
| 942 |
_cEN _2ddc _mSHE _h346.07 |
||
| 999 |
_c88158 _d88158 |
||